000 00243nam a2200097Ia 4500
001 689927
005 20250826161806.0
008 250824s9999 xx 000 0 und d
245 0 _aDÜĞÜN GÜNLÜKLERİ
_cSAM BINNIE
260 _bPANAMA YAYINLARI
999 _c689927
_d689927